Представление документа в формате RUSMARC

Поле Инд. ПП Название Значение
Тип записи a
Библиографический уровень a
001 _ Контрольный номер RU/REP/BASE/00005802
005 _ Дата корректировки 20181104132001.7
200 a Заглавие Категория "национализация", "деприватизация" и "реприватизация" в российском праве: проблемы соотношения
f Первые сведения об ответственности Коновалов А.И.
b Общее обозначение материала Текст
210 d Дата издания 2015
461 _0 1 001RU/REP/BASE/00010629
1 2001
a Закон и право
463 1 20002
a №5.
v С. 75-79
1 210
d 2015
610 a Ключевые слова ГРАЖДАНСКОЕ ПРАВО РФ, ПРЕДПРИНИМАТЕЛЬСКОЕ ПРАВО, КАВКАЗ, МУСУЛЬМАНСКОЕ ПРАВО, ДЕПРИВАТИЗАЦИЯ, ИСТОРИЯ ПРАВА РОССИИ, НАЦИОНАЛИЗАЦИЯ, РГУП
700 _1 a Фамилия Коновалов
b Имя А.И.
901 t Тип документа b
w Контрольный № источника 7de6eea509424c6ba70eb1eb97b897de